MAASAI MARA UNIVERSITY

LIBRARY CATALOGUE

Contact Us: +254 020 2685356/7 or 0774 057787

Box: 861-20500, NAROK, KENYA

Email: info@mmarau.ac.ke

Bumblebees can't fly : (Record no. 20490)

MARC details
000 -LEADER
fixed length control field 00754cam a2200253 a 4500
001 - CONTROL NUMBER
control field 13755910
003 - CONTROL NUMBER IDENTIFIER
control field OSt
005 - DATE AND TIME OF LATEST TRANSACTION
control field 20210226100150.0
008 - FIXED-LENGTH DATA ELEMENTS--GENERAL INFORMATION
fixed length control field 041020s2004 onc 001 0 eng
010 ## - LIBRARY OF CONGRESS CONTROL NUMBER
LC control number 2004478116
016 ## - NATIONAL BIBLIOGRAPHIC AGENCY CONTROL NUMBER
Record control number 20049004670
020 ## - INTERNATIONAL STANDARD BOOK NUMBER
International Standard Book Number 0470834390
040 ## - CATALOGING SOURCE
Original cataloging agency MMU
Language of cataloging Eng
Transcribing agency MMU
Modifying agency MMU
050 00 - LIBRARY OF CONGRESS CALL NUMBER
Classification number BF637.S8
Item number S546 2004
082 04 - DEWEY DECIMAL CLASSIFICATION NUMBER
Classification number 158.1
Edition number 22
100 1# - MAIN ENTRY--PERSONAL NAME
Personal name Siskind, Barry,
Dates associated with a name 1946-
245 10 - TITLE STATEMENT
Title Bumblebees can't fly :
Remainder of title 7 simple strategies for making the impossible possible /
Statement of responsibility, etc. Barry Siskind.
260 ## - PUBLICATION, DISTRIBUTION, ETC. (IMPRINT)
Place of publication, distribution, etc. Etobicoke, Ont. :
Name of publisher, distributor, etc. J. Wiley & Sons Canada,
Date of publication, distribution, etc. c2004.
300 ## - PHYSICAL DESCRIPTION
Extent xiii, 144 p. :
Dimensions 23 cm.
500 ## - GENERAL NOTE
General note Includes index.
650 #0 - SUBJECT ADDED ENTRY--TOPICAL TERM
Topical term or geographic name as entry element Success
General subdivision Psychological aspects.
650 #0 - SUBJECT ADDED ENTRY--TOPICAL TERM
Topical term or geographic name as entry element Common sense.
942 ## - ADDED ENTRY ELEMENTS (KOHA)
Source of classification or shelving scheme Library of Congress Classification
Koha item type L
Holdings
Withdrawn status Lost status Source of classification or shelving scheme Damaged status Not for loan Home library Current library Date acquired Source of acquisition Total Checkouts Full call number Barcode Date last seen Date last checked out Price effective from Koha item type
    Library of Congress Classification     Maasai Mara University Library -Main Campus Maasai Mara University Library -Main Campus 01/06/2017 Donation-T4C 3 BF637.C5S586 2004 16019553 05/09/2022 04/26/2022 01/06/2017 L
© 2016 Maasai Mara University.